000 00449nam a2200157 i 4500
001 142196
003 ES-MaACL
005 20230906200452.0
007 t|
008 071003s1912 fr ||||1| spa d
100 1 _aVillanueva, Carlos A.
_9115017
245 1 3 _aLa monarquía en América
_b: el imperio de los Andes /
_cCarlos A. Villanueva.
260 _aChartres :
_bGarnier,
_c1912.
300 _a380 p. ;
_c20 cm.
852 _aES-MaACL
_jF-4315
999 _c142196
_d142196